[Event "NRW-Liga I 9394"]
[Site "Germany"]
[Date "1994.??.??"]
[Round "?"]
[White "Brenke, Andreas"]
[Black "Rosen, Willy"]
[Result "1-0"]
[WhiteElo "2265"]
[BlackElo "2265"]

1.e4 c5 2.Nf3 Nc6 3.Bb5 g6 4.Bxc6 bxc6 5.O-O Bg7 6.Re1 Nf6 7.e5 Nd5 8.c4 Nc7
9.d4 cxd4 10.Qxd4 Ne6 11.Qh4 O-O 12.Bh6 f6 13.Bxg7 Kxg7 14.Nc3 fxe5 15.Nxe5 Rf4
16.Qg3 Qc7 17.Rad1 d6 18.Nxg6 hxg6 19.Rxe6 Bxe6 20.Qxf4 Bf7 21.c5 Rd8 22.Ne4 Bd5
23.cxd6 Bxe4 24.Qe5+ Kg8 25.Qxe4 Rxd6 26.Re1 Kf7 27.h4 Rf6 28.Qe5 Qd7 29.h5 gxh5
30.Qxh5+ Kf8 31.Re3 Qd6 32.Qh8+ Kf7 33.Qh7+ Ke8 34.Rd3 Qe6 35.Qh5+ Qf7 36.Qh8+ Qf8
37.Qxf8+ Kxf8 38.f3 c5 39.Ra3 c4 40.Rc3 Rb6 41.Rc2 Kf7 42.Kf2 Ke6 43.Ke3 Kd5
44.Rd2+ Kc5 45.Ke4 Re6+ 46.Kf5 Re3 47.Kf4 Re1 48.g4 e5+ 49.Kf5 Rf1 50.Kxe5 Rxf3
51.Rg2 Re3+ 52.Kf4 Re1 53.g5 Kd5 54.g6 Rf1+ 55.Ke3 Re1+ 56.Kd2 Re8 57.g7 Rg8
58.Kc3 Kc5 59.Rg5+  1-0

[Event "NRW-Liga I 9394"]
[Site "Germany"]
[Date "1994.??.??"]
[Round "?"]
[White "Arkhipov, Sergey"]
[Black "Odendahl, Reiner"]
[Result "1/2-1/2"]
[WhiteElo "2530"]
[BlackElo "2295"]

1.e4 c5 2.Nf3 Nc6 3.Bb5 d6 4.O-O Bd7 5.c3 Nf6 6.Re1 a6 7.Ba4 c4 8.d4 cxd3
9.Bg5 e6 10.Qxd3 Be7 11.Nbd2 Ne5 12.Qd4 Nxf3+ 13.Nxf3 O-O 14.Bxd7 Qxd7 15.e5 Ne8
16.Rad1 Bxg5 17.Nxg5 Qe7 18.Ne4 dxe5 19.Qxe5 Rd8 20.Rd4 Nc7 21.Red1 Nb5 22.R4d2 Rxd2
23.Rxd2 Rd8 24.Kf1 Rxd2 25.Nxd2 Qd8 26.Ke2 h6 27.Ne4 Nc7 28.c4 Ne8 29.b3 b6
30.f3 a5 31.a3 Qd7 32.Qb8 Qc6 33.Kd3 Kh7 34.Qd8 f5 35.Nc3 Nd6 36.Qe7 a4 37.Nxa4 Nxc4
38.bxc4 Qxa4 39.Kc3 Qa5+  1/2-1/2

[Event "Oberliga Nord O9495"]
[Site "Germany"]
[Date "1994.??.??"]
[Round "?"]
[White "Fleischer, Peter"]
[Black "Simon, Ralf Axel"]
[Result "1-0"]
[WhiteElo "2235"]
[BlackElo "2240"]

1.e4 c5 2.Nf3 Nc6 3.Bb5 d6 4.O-O Bd7 5.c3 Nf6 6.Re1 a6 7.Ba4 c4 8.d4 cxd3
9.Qxd3 g6 10.h3 Bg7 11.Bf4 O-O 12.Qe3 Ne5 13.Bxd7 Nxf3+ 14.Qxf3 Nxd7 15.Nd2 Qb6
16.Nc4 Qb5 17.Qe2 Nc5 18.Rad1 Rfc8 19.Ne3 Qe8 20.Nd5 Na4 21.Bg5 f6 22.Bc1 b5
23.f4 e6 24.Ne3 Qc6 25.Nc2 Re8 26.Qf3 f5 27.exf5 Qc5+ 28.Kh2 exf5 29.Nb4 a5
30.Nd5 Qa7 31.Ne7+ Kf8 32.Qd5 Rxe7 33.Rxe7 Kxe7 34.Re1+ Kf8 35.Qxd6+ Kg8
36.Re7 Qb8 37.Qd7 Qf8 38.Rxg7+ Qxg7 39.Qd5+ Qf7 40.Qxa8+ Kg7 41.b3 Nxc3 42.Qxa5 Nd5
43.Qxb5 Kh6 44.Qa5 Qe6 45.Qd8 Qe4 46.a4 Nb4 47.Qh4+ Kg7 48.Bb2+ Kg8 49.Qd8+ Kf7
50.Qd7+ Kf8 51.Bg7+ Kg8 52.Bh6  1-0

[Event "Goch op"]
[Site "Goch"]
[Date "1994.??.??"]
[Round "7"]
[White "Ennenbach, Ralph"]
[Black "Esser, Norbert"]
[Result "0-1"]
[WhiteElo "2010"]
[BlackElo "2230"]

1.e4 c5 2.Nf3 Nc6 3.Bb5 e6 4.O-O Nge7 5.c3 a6 6.Ba4 b5 7.Bc2 c4 8.Qe2 g6
9.a4 Bb7 10.Na3 Bg7 11.d4 cxd3 12.Bxd3 b4 13.Nc4 d5 14.exd5 Nxd5 15.Bg5 Qc7
16.cxb4 Ncxb4 17.Be4 O-O 18.Rac1 Na2 19.Rc2 Nab4 20.Rcc1 Na2 21.Ra1 Nac3
22.bxc3 Nxc3 23.Qe3 Bxe4 24.Nfd2 Bd4 25.Qh3 Bd5 26.Ne3 Ne2+ 27.Kh1 Bxa1 28.Rxa1 Qe5  0-1

[Event "Graz op"]
[Site "Graz"]
[Date "1994.??.??"]
[Round "2"]
[White "Mahdi, Khaled"]
[Black "Loebler, Heimo"]
[Result "1-0"]
[WhiteElo "2455"]
[BlackElo "2245"]

1.e4 c5 2.Nf3 Nc6 3.Bb5 g6 4.O-O Bg7 5.Bxc6 dxc6 6.d3 e5 7.a4 Qe7 8.a5 Nh6
9.Nc3 O-O 10.Na4 Rb8 11.Re1 f6 12.h3 Nf7 13.Be3 b6 14.axb6 axb6 15.b4 Bh6
16.Bxh6 Nxh6 17.bxc5 b5 18.Nb2 Qxc5 19.Qd2 Nf7 20.c3 Qe7 21.d4 Be6 22.Ra6 Qb7
23.Raa1 Ra8 24.Nd3 Bc4 25.Nc5 Qe7 26.Qe3 Rfd8 27.Nd2 Nd6 28.Qg3 Bf7 29.Rxa8 Rxa8
30.f4 Ra2 31.Nf3 exd4 32.cxd4 b4 33.f5 b3 34.fxg6 hxg6 35.Nxb3 Bxb3 36.e5 Nf5
37.exf6 Nxg3 38.fxe7 Bf7 39.e8=Q+ Bxe8 40.Rxe8+ Kf7 41.Rc8 Rc2 42.Ne5+ Ke6
43.Rxc6+  1-0

[Event "Graz op"]
[Site "Graz"]
[Date "1994.??.??"]
[Round "5"]
[White "Grilc, Simon"]
[Black "Schmied, Andreas"]
[Result "1/2-1/2"]
[WhiteElo "2310"]
[BlackElo "2090"]

1.e4 c5 2.Nf3 Nc6 3.Bb5 g6 4.O-O Bg7 5.c3 e5 6.Re1 Nge7 7.d3 O-O 8.Be3 d6
9.h3 a6 10.Ba4 b5 11.Bb3 Qc7 12.Qc1 Bb7 13.Bh6 Rae8 14.Bxg7 Kxg7 15.a4 Na5
16.Bc2 b4 17.Nbd2 d5 18.cxb4 cxb4 19.Bb3 Qd6 20.Qd1 Nxb3 21.Qxb3 f6 22.a5 Rc8
23.Ra4 Bc6 24.Qxb4 Qd7 25.Raa1 Bb5 26.Qb3 Rc7 27.Rec1 Rfc8 28.Rxc7 Rxc7 29.exd5 Qxd5
30.Qxd5 Nxd5 31.d4 Rc2 32.dxe5 fxe5 33.b3 Nb4 34.Re1 Nc6 35.Re4 Rb2 36.g4 Nxa5
37.Rxe5 Nxb3 38.Ne4 Bc6 39.Nfg5 Bxe4 40.Rxe4 Nc5 41.Ne6+ Nxe6 42.Rxe6 a5
43.Kg2 a4 44.Ra6 Rb4 45.f3 g5  1/2-1/2

[Event "Graz op"]
[Site "Graz"]
[Date "1994.??.??"]
[Round "7"]
[White "Grilc, Simon"]
[Black "Deutsch, Ludwig"]
[Result "1-0"]
[WhiteElo "2310"]
[BlackElo "2210"]

1.e4 c5 2.Nf3 Nc6 3.Bb5 e6 4.O-O Nf6 5.Re1 Be7 6.e5 Nd5 7.d4 Qb6 8.Bxc6 dxc6
9.c4 Nb4 10.Nc3 cxd4 11.Nxd4 Bd7 12.a3 Na6 13.Qg4 O-O-O 14.Be3 Qc7 15.Rac1 Qxe5
16.Ncb5 h5 17.Qd1 cxb5 18.cxb5+ Nc5 19.Qa4 Be8 20.Nb3 Qxb2 21.Nxc5 Bxc5 22.Rxc5+ Kb8
23.Rc2  1-0

[Event "Graz op"]
[Site "Graz"]
[Date "1994.??.??"]
[Round "7"]
[White "Oral, Tomas"]
[Black "Doskocil, Klaus"]
[Result "1-0"]
[WhiteElo "2335"]
[BlackElo "2060"]

1.e4 c5 2.Nf3 Nc6 3.Bb5 e6 4.O-O Nf6 5.Bxc6 bxc6 6.e5 Nd5 7.c4 Nb6 8.d3 d5
9.Bg5 Be7 10.Bxe7 Qxe7 11.Nfd2 O-O 12.f4 a5 13.Qc2 Ba6 14.Na3 f6 15.Nf3 f5
16.Rac1 Rfc8 17.h3 Kh8 18.Qd2 a4 19.Qf2 Nd7 20.Rc2 Rab8 21.g4 g6 22.gxf5 gxf5
23.Kh2 Rg8 24.Rg1 h6 25.Qe1 Rxg1 26.Qxg1 Rg8 27.Rg2 Rxg2+ 28.Qxg2 Kh7 29.Qf2 Nb6
30.b3 axb3 31.axb3 Nd7 32.Nb1 Qd8 33.Nc3 Qa5 34.Qh4 Qxc3 35.Qe7+ Kh8 36.Qd8+ Kh7
37.Qxd7+ Kh8 38.Qe8+ Kh7 39.Qf7+ Kh8 40.Qf6+ Kh7 41.Qe7+ Kh8 42.Qd8+ Kh7
43.Qc7+ Kg6 44.Qxc6 Qxd3 45.Kg3 Bxc4 46.bxc4 dxc4 47.Qxe6+ Kg7 48.Qf6+ Kg8
49.e6 c3 50.e7  1-0

[Event "Graz op"]
[Site "Graz"]
[Date "1994.??.??"]
[Round "7"]
[White "Riedner, Martin"]
[Black "Schmied, Andreas"]
[Result "1/2-1/2"]
[WhiteElo "2115"]
[BlackElo "2090"]

1.e4 c5 2.Nf3 Nc6 3.Bb5 e6 4.O-O Nge7 5.c3 a6 6.Ba4 b5 7.Bc2 Bb7 8.Re1 Ng6
9.a4 b4 10.d4 cxd4 11.cxd4 Bd6 12.Nbd2 O-O 13.Nb3 Qc7 14.Be3 Na5 15.Nxa5 Qxa5
16.Nd2 Rac8 17.Bd3 Qc7 18.e5 Be7 19.Qh5 d6 20.Nc4 dxe5 21.dxe5 Qd7 22.Bf1 Rc6
23.Rad1 Qc7 24.b3 Rd8 25.Bd3 a5 26.Bb1 Bc5 27.Be4 Bxe3 28.Rxd8+ Qxd8 29.Bxc6 Bxf2+
30.Kxf2 Bxc6 31.Rd1 Qc7 32.Qg5 Bd5 33.Nd6 h6 34.Qe3 Qc2+ 35.Rd2 Qb1 36.Nc4 Qh1
37.Qg3 Qa1 38.Nxa5 Nxe5 39.h3 Ng6 40.h4 Qf6+ 41.Kg1 Nxh4 42.Nc4 Nf5 43.Qf4 Qc3
44.Rxd5 exd5 45.Qxf5 dxc4 46.Qc8+ Kh7 47.Qf5+ Kg8 48.Qc8+ Kh7  1/2-1/2

[Event "GRE-ch"]
[Site "?"]
[Date "1994.??.??"]
[Round "7"]
[White "Kofidis, Andreas"]
[Black "Tzermiadianos, Andreas"]
[Result "1/2-1/2"]
[WhiteElo "2385"]
[BlackElo "2350"]

1.e4 c5 2.Nf3 Nc6 3.Bb5 g6 4.Bxc6 dxc6 5.d3 Bg7 6.h3 Nf6 7.Nc3 Nd7 8.Be3 e5
9.Qd2 h6 10.O-O-O Qa5 11.Kb1 Nf8 12.Ne2 Qxd2 13.Nxd2 Ne6 14.c3 b6 15.Nc4 Ba6
16.g3 Bxc4 17.dxc4 Ng5 18.Bxg5 hxg5 19.Kc2 Rd8 20.Rxd8+ Kxd8 21.Rd1+ Ke7
22.Ng1 Ke6 23.Kd3 a6 24.a4 Bf6 25.Ke3 Be7 26.Kf3 Ra8 27.Ke3 Rh8  1/2-1/2

[Event "Groningen op"]
[Site "Groningen"]
[Date "1994.??.??"]
[Round "5"]
[White "Vescovi, Giovanni"]
[Black "Brodsky, Michail"]
[Result "1-0"]
[WhiteElo "2455"]
[BlackElo "2545"]

1.e4 c5 2.Nf3 Nc6 3.Bb5 g6 4.O-O Bg7 5.Re1 e5 6.Bxc6 dxc6 7.d3 Bg4 8.Be3 Qe7
9.Nbd2 Nf6 10.h3 Bxf3 11.Nxf3 O-O 12.Qd2 Nd7 13.Rab1 Rfd8 14.Qc3 b6 15.a3 Nf8
16.b4 cxb4 17.axb4 Rac8 18.Rbd1 Rc7 19.Bg5 f6 20.Be3 Ne6 21.Qc4 Qf7 22.c3 c5
23.Rd2 cxb4 24.Qxb4 Rdc8 25.d4 Rxc3 26.d5 Nf8 27.Ra2 R3c4 28.Qd6 R4c7 29.Rea1 h6
30.Ra4 Rd7 31.Qa3 Rcc7 32.Nd2 f5 33.f3 f4 34.Bf2 g5 35.Qb2 Ng6 36.Nc4 Kh7
37.Na3 Bf8 38.Nb5 Rb7 39.Qa2 a5 40.Rc1 Bb4 41.Rc6 Ne7 42.Re6 Nc8 43.Qc2 Na7
44.Nxa7 Rxa7 45.Bxb6 Ra6 46.Qc4 Ra8 47.Qc6 Re8 48.Rxe8 Qxe8 49.Bxa5 Bd6 50.Bb6 Qe7
51.Ra8 h5 52.Qxd7 Qxd7 53.Ra7  1-0

[Event "Groningen op"]
[Site "Groningen"]
[Date "1994.??.??"]
[Round "6"]
[White "Tseitlin, Mark D"]
[Black "Schmittdiel, Eckhard"]
[Result "1-0"]
[WhiteElo "2465"]
[BlackElo "2495"]

1.e4 c5 2.Nf3 Nc6 3.Bb5 g6 4.Bxc6 dxc6 5.d3 Bg7 6.h3 Nf6 7.Nc3 Nd7 8.Be3 h6
9.O-O e5 10.a3 Qe7 11.Qd2 a5 12.Nh2 a4 13.f4 exf4 14.Bxf4 Ne5 15.Nf3 Nxf3+
16.Rxf3 g5 17.Be3 Be6 18.Qf2 b6 19.d4 cxd4 20.Bxd4 Bxd4 21.Qxd4 Qc5 22.Qxc5 bxc5
23.Rd3 Ke7 24.Kf2 Rhb8 25.Rb1 Ra5 26.Ke3 f6 27.Rd2 Ra7 28.Rf2 Raa8 29.Rf3 Ra5
30.Rbf1 Rxb2 31.R1f2 g4 32.hxg4 Bxg4 33.Rf4 h5 34.Kd2 Rb7 35.Rxf6 Rd7+ 36.Ke3 Rd6
37.Rf7+ Ke8 38.Rh7 c4 39.Rff7 Rd7 40.Rxd7 Bxd7 41.Kf4 Kd8 42.e5 Bg4 43.Ke4 Kc8
44.g3 Ra6 45.Rg7 Rb6 46.Rf7 Rb2 47.Rf2 Kc7 48.Kd4 Be6 49.Nxa4 Ra2 50.Nc5 Bd5
51.e6 Kd8 52.a4 Ke7 53.Ke5 Ra3 54.Rf7+ Ke8 55.Rh7 Rxg3 56.Kd6  1-0

[Event "Groningen op"]
[Site "Groningen"]
[Date "1994.??.??"]
[Round "6"]
[White "Krays, Alexander"]
[Black "Sutovskij, Emil"]
[Result "0-1"]
[WhiteElo "2385"]
[BlackElo "2480"]

1.e4 c5 2.Nf3 Nc6 3.Bb5 g6 4.Bxc6 dxc6 5.h3 e5 6.d3 Bg7 7.Be3 Qe7 8.a4 Nf6
9.Na3 Nh5 10.Qd2 Nf4 11.Bxf4 exf4 12.O-O-O g5 13.Rde1 Be6 14.h4 h6 15.hxg5 hxg5
16.Rxh8+ Bxh8 17.Rh1 O-O-O 18.Qe1 g4 19.Nd2 Qg5 20.Kb1 Qg7 21.Qc1 Qd4 22.Ndc4 Qxf2
23.Rf1 Qxg2 24.Qxf4 g3 25.Rc1 Qf2 26.Qxf2 gxf2 27.Rf1 Bd4 28.Nd2 Rg8 29.c3 Bh3
30.Rc1 Be3 31.Nac4 Bxd2 32.Nxd2 Rg1  0-1

[Event "Groningen op"]
[Site "Groningen"]
[Date "1994.??.??"]
[Round "8"]
[White "Wagenmakers, Eric Jan"]
[Black "Gaponenko, Inna"]
[Result "1/2-1/2"]
[WhiteElo "2240"]
[BlackElo "2315"]

1.e4 c5 2.Nf3 Nc6 3.Bb5 Na5 4.c3 a6 5.Ba4 b5 6.Bc2 Bb7 7.d4 cxd4 8.cxd4 Nf6
9.Nbd2 e6 10.O-O Be7 11.e5 Nd5 12.Ne4 f5 13.exf6 Nxf6 14.Nfg5 Nxe4 15.Bxe4 Bxe4
16.Nxe4 d5 17.Qh5+ Kd7 18.Nd2 Bf6 19.Nf3 Nc6 20.Be3 Qe8 21.Qg4 h5 22.Qg3 h4
23.Qg4 Qh5 24.Qxh5 Rxh5 25.Rac1 Rc8 26.Rc3 Rhh8 27.Rfc1 Na5 28.Rxc8 Rxc8
29.Rxc8 Kxc8 30.Kf1 Nc4 31.Bc1 Nd6 32.Ke2 Ne4 33.Be3 Kd7 34.Nd2 Nxd2 35.Kxd2 Kc6
36.Kd3 b4 37.b3 Kb5 38.h3 a5 39.g4 hxg3 40.fxg3 Kc6 41.g4  1/2-1/2

[Event "Groningen op"]
[Site "Groningen"]
[Date "1994.??.??"]
[Round "10"]
[White "Spangenberg, Hugo"]
[Black "Tseitlin, Mark D"]
[Result "0-1"]
[WhiteElo "2530"]
[BlackElo "2465"]

1.e4 c5 2.Nf3 Nc6 3.Bb5 g6 4.O-O Bg7 5.Re1 Nf6 6.Nc3 O-O 7.e5 Ne8 8.d3 Nc7
9.Bc4 Ne6 10.h3 b6 11.Nd5 Bb7 12.Nf4 Nxf4 13.Bxf4 Na5 14.a4 Nxc4 15.dxc4 d5
16.exd6 exd6 17.c3 d5 18.cxd5 Qxd5 19.Re7 Rfe8 20.Rd7 Qxd1+ 21.Raxd1 Bc6
22.Rc7 Rec8 23.Rxc8+ Rxc8 24.Ra1 f6 25.Nd2 g5 26.Be3 h6 27.a5 f5 28.axb6 axb6
29.Nc4 Bf8 30.Nxb6 Rb8 31.Nc4 Bd5 32.Ra4 f4 33.Bc1 Re8 34.Ne3 fxe3 35.Bxe3 c4
36.Ra5 Bf7 37.Rb5 Kh7 38.g4 Bd6 39.Kg2 Rb8 40.Rxb8 Bxb8 41.h4 Bd5+ 42.Kh3 Bf4
43.Bc5 Bf3 44.h5 Be2  0-1

[Event "Groningen op"]
[Site "Groningen"]
[Date "1994.??.??"]
[Round "10"]
[White "Fries Nielsen, Jens Ove"]
[Black "Krylov, Stanislav"]
[Result "1/2-1/2"]
[WhiteElo "2420"]
[BlackElo "2290"]

1.Nf3 c5 2.e4 Nc6 3.Bb5 g6 4.O-O Bg7 5.Bxc6 bxc6 6.Re1 Nf6 7.Nc3 O-O 8.e5 Nd5
9.Ne4 d6 10.exd6 exd6 11.d3 h6 12.c4 Nf6 13.Ng3 Be6 14.Bd2 Qb6 15.Bc3 d5
16.Qc1 Kh7 17.Be5 Nd7 18.Bxg7 Kxg7 19.h3 Rae8 20.Re2 Qc7 21.Qd2 Qd6 22.Rae1 Re7
23.cxd5 cxd5 24.d4 c4 25.Ne5 Nxe5 26.dxe5 Qb6 27.Qf4 Rd7 28.Rd2 Qd8 29.Rd4 Qg5
30.Qf3 Rb8 31.h4 Qe7 32.Re2 h5 33.Qf4 Rdb7 34.Rdd2 Rb4 35.Qd4 c3 36.Qxc3 Rc4
37.Qd3 Qxh4 38.b3 Rc1+ 39.Rd1 Rbc8 40.Ree1 R1c2 41.Rd2 Qb4 42.Red1 Rxd2 43.Qxd2 Qg4
44.Nf1 h4 45.Qd4 Qh5 46.Ne3 Qg5 47.Kh2 Rc7  1/2-1/2

[Event "Guines"]
[Site "Guines"]
[Date "1994.??.??"]
[Round "3"]
[White "Salem, Ihab"]
[Black "Vega, Lemay"]
[Result "1/2-1/2"]
[WhiteElo "2055"]
[BlackElo "2265"]

1.e4 c5 2.Nf3 Nc6 3.Bb5 g6 4.Bxc6 bxc6 5.O-O Bg7 6.Re1 Nh6 7.c3 d6 8.h3 O-O
9.d4 cxd4 10.cxd4 f6 11.Nc3 Nf7 12.Be3 Qa5 13.Ne2 Rb8 14.b3 f5 15.Bd2 Qa6
16.exf5 Bxf5 17.Ng3 e6 18.Nxf5 exf5 19.Re7 Rbe8 20.Qe1 Rxe7 21.Qxe7 c5 22.Rc1 cxd4
23.Rc7 Qxa2 24.Ng5 Qxd2 25.Nxf7 Be5 26.g3 Qe1+ 27.Kg2 Qe4+ 28.Kg1 Qe1+  1/2-1/2

[Event "Guines"]
[Site "Guines"]
[Date "1994.??.??"]
[Round "7"]
[White "Salem, Ihab"]
[Black "Lopez, Carlos Manuel"]
[Result "1-0"]
[WhiteElo "2055"]
[BlackElo "2330"]

1.e4 c5 2.Nf3 Nc6 3.Bb5 g6 4.Bxc6 bxc6 5.O-O Bg7 6.Re1 f6 7.c3 Nh6 8.d4 cxd4
9.cxd4 d6 10.Nc3 O-O 11.Qa4 Bd7 12.e5 fxe5 13.dxe5 Nf5 14.Bg5 Qb6 15.Nd5 cxd5
16.Qxd7 dxe5 17.Qxd5+ e6 18.Qd2 h6 19.Be3 Qb5 20.a4 Qd5 21.Rad1 Rfd8 22.Qc2 Qb7
23.Rxd8+ Rxd8 24.Bd2 Rd5 25.Bc3 Qc6 26.Qe4 Nd4 27.Qxg6 Nxf3+ 28.gxf3 Rd7
29.Bxe5 Rf7 30.Rd1 Qc8 31.Rd6 Kf8 32.Qxe6 Qc7 33.Rc6  1-0

[Event "Hamburg-ch"]
[Site "Hamburg"]
[Date "1994.??.??"]
[Round "9"]
[White "Kroencke, Manfred"]
[Black "Reddmann, Hauke"]
[Result "1/2-1/2"]
[WhiteElo "2215"]
[BlackElo "2285"]

1.e4 c5 2.Nf3 Nc6 3.Bb5 g6 4.O-O Bg7 5.Re1 Nf6 6.c3 a6 7.Bxc6 dxc6 8.h3 O-O
9.d4 cxd4 10.cxd4 Qb6 11.Nc3 Rd8 12.Qc2 h6 13.Be3 Qa5 14.Rad1 Be6 15.a3 Rac8
16.Bd2 Qh5 17.Ne2 Qb5 18.b4 Qc4 19.Nc3 Qb3 20.Qc1 a5 21.bxa5 Ra8 22.Re3 Qc4
23.Ne2 Ne8 24.Bb4 Rd7 25.Nf4 Qxc1 26.Rxc1 Bxd4 27.Nxd4 Rxd4 28.Nxe6 fxe6
29.Rb1 Rd7 30.Reb3 Ra7 31.f3 Kf7 32.Kf2 e5 33.Ke3 Ke6 34.Rd3 Rxd3+ 35.Kxd3 Nd6
36.Rc1 Ra8 37.Rc5 Nb5 38.Ke3 Nd4 39.Rc3 Rd8 40.Bc5 g5  1/2-1/2

[Event "EU-ch U18"]
[Site "Hania"]
[Date "1994.??.??"]
[Round "3"]
[White "Kulaots, Kaido"]
[Black "Tzoumbas, Anastasios"]
[Result "1-0"]
[WhiteElo "2415"]
[BlackElo "2415"]

1.e4 c5 2.Nf3 Nc6 3.Bb5 g6 4.Bxc6 bxc6 5.O-O Bg7 6.Re1 d6 7.c3 Nh6 8.d4 cxd4
9.cxd4 O-O 10.Bg5 f6 11.Bxh6 Bxh6 12.h3 Qb6 13.b3 Rd8 14.Nc3 Bd7 15.Qd3 Rac8
16.Nd2 Be8 17.Nc4 Qa6 18.d5 Bf7 19.Rad1 Kf8 20.h4 Bg7 21.h5 cxd5 22.exd5 Rc5
23.Qe2 Rc7 24.a4 Be8 25.hxg6 hxg6 26.Rd3 Rb8 27.Re3 Rbb7 28.Re6 Bf7 29.Nb5 Rd7
30.Ncxd6 Rxd6 31.Nxd6 Qxe2 32.R1xe2 exd6 33.Rxd6 Bh6 34.Rd8+ Kg7 35.g3 f5
36.f4 g5 37.d6 gxf4 38.Re7 Rxe7 39.dxe7 fxg3 40.Kg2 Be3 41.Kxg3 f4+ 42.Kg2 Be8
43.Rxe8 Kf7 44.Rd8 Kxe7 45.Rd3 Ke6 46.b4 Ke5 47.Kf3 a6 48.Rxe3+ fxe3 49.Kxe3 Kd5
50.Kd3 Kd6 51.Kd4 Kc6 52.Ke5 Kd7 53.Kd5 Kc7 54.Kc5 a5 55.b5 Kb7 56.Kd6 Kb6
57.Kd7 Kb7 58.Ke6 Kc7 59.Ke7  1-0

[Event "SWE-ch"]
[Site "Haparanda"]
[Date "1994.??.??"]
[Round "5"]
[White "Schneider, Lars Ake"]
[Black "Degerman, Lars"]
[Result "0-1"]
[WhiteElo "2440"]
[BlackElo "2465"]

1.e4 c5 2.Nf3 Nc6 3.Bb5 g6 4.O-O Bg7 5.c3 Nf6 6.Re1 O-O 7.d4 cxd4 8.cxd4 d5
9.e5 Ne4 10.Nc3 Bf5 11.Nh4 Be6 12.Qa4 Nxc3 13.bxc3 Na5 14.Bd3 Rc8 15.Bd2 a6
16.Qb4 b5 17.a4 Nc4 18.Bg5 f6 19.exf6 exf6 20.Bh6 Bxh6 21.Rxe6 bxa4 22.Rxa6 Bd2
23.R6xa4 Rb8 24.Qc5 Nb2 25.Ra7 Nxd3 26.Qc6 Rb6 27.Qa4 Bxc3 28.Rf1 Nf4 29.g3 Ne2+
30.Kg2 Qe8 31.Qa2 Qe4+ 32.f3 Qxd4  0-1

[Event "Harkany op"]
[Site "Harkany"]
[Date "1994.??.??"]
[Round "9"]
[White "Totsky, Leonid"]
[Black "Amrein, Roland"]
[Result "1-0"]
[WhiteElo "2410"]
[BlackElo "2175"]

1.e4 c5 2.Nf3 Nc6 3.Bb5 d6 4.O-O Bd7 5.c3 Nf6 6.Re1 a6 7.Ba4 c4 8.Bc2 g6
9.b3 b5 10.bxc4 bxc4 11.Na3 Na5 12.e5 dxe5 13.Nxe5 Be6 14.Ba4+ Nd7 15.Qf3 Ra7
16.Bxd7+ Rxd7 17.Nxd7 Bxd7 18.Qf4 Bg7 19.Nxc4 O-O 20.Nxa5 Qxa5 21.Rxe7 Bc6
22.Re1 h5 23.Qd6 Rc8 24.d4 h4 25.h3 Bf8 26.Qf6 Qxc3 27.Be3 Qc4 28.Rac1 Qd5
29.Qg5 Rb8 30.Bf4 Rb6 31.Qxd5 Bxd5 32.Re8 Kg7 33.Bc7 Re6 34.Rxe6 fxe6 35.Be5+ Kh6
36.Rc8 Be7 37.Re8 Ba3 38.f4 g5 39.Rh8+ Kg6 40.Rg8+ Kf7 41.Rg7+  1-0

[Event "Harkany op"]
[Site "Harkany"]
[Date "1994.??.??"]
[Round "9"]
[White "Lenart, Endre"]
[Black "Zdjelar, Dusan"]
[Result "1-0"]
[WhiteElo "2255"]
[BlackElo "2185"]

1.e4 c5 2.Nf3 Nc6 3.Bb5 g6 4.O-O Bg7 5.Re1 Nf6 6.c3 O-O 7.h3 a6 8.Bxc6 bxc6
9.c4 d6 10.Nc3 e5 11.d3 Ne8 12.Rb1 Rb8 13.a3 f5 14.b4 cxb4 15.axb4 f4 16.d4 exd4
17.Ne2 c5 18.Nxf4 Nc7 19.Bd2 cxb4 20.Qb3 Kh8 21.e5 Ne6 22.Nxe6 Bxe6 23.Nxd4 Qd7
24.Nxe6 Qxe6 25.exd6 Qxd6 26.Bxb4 Rxb4 27.Qxb4 Qxb4 28.Rxb4 Bc3 29.Reb1 Bxb4
30.Rxb4 a5 31.Ra4 Rf5 32.f3 Kg7 33.Kf2 Kf6 34.Ke3 Ke6 35.g4 Re5+ 36.Kd4 g5
37.Ra3 h6 38.Rb3 Re1 39.Rb6+ Kd7 40.Rxh6 a4 41.Ra6 Ra1 42.Ke4 Kc7 43.c5 Ra3
44.Kf5 Rxf3+ 45.Kxg5 Rxh3 46.Rxa4 Rc3 47.Kf6 Kd7 48.g5 Rf3+ 49.Kg7 Rf5 50.Rd4+ Ke8
51.Re4+ Kd8 52.g6 Rxc5 53.Kh6 Rc6  1-0

[Event "Hastings op9495"]
[Site "Hastings"]
[Date "1994.??.??"]
[Round "?"]
[White "Cherniaev, Alexander"]
[Black "Ansell, Simon"]
[Result "1-0"]
[WhiteElo "2415"]
[BlackElo "2305"]

1.e4 c5 2.Nf3 Nc6 3.Bb5 e6 4.O-O Nge7 5.Nc3 Nd4 6.Nxd4 cxd4 7.Ne2 a6 8.Ba4 Nc6
9.d3 Be7 10.Bd2 O-O 11.Bb3 b5 12.f4 a5 13.a4 bxa4 14.Bxa4 Qb6 15.Ng3 f5 16.exf5 exf5
17.Qf3 Qc5 18.b4 Qa7 19.Qd5+ Kh8 20.Nxf5 Bxb4 21.Bxb4 Nxb4 22.Qe5 d5 23.Nxd4 Bd7
24.Qe3 Bxa4 25.Rxa4 Qc5 26.Qf2 Rac8 27.Rfa1 Nc6 28.Nxc6 Qxf2+ 29.Kxf2 Rxc6
30.R1a2 g5 31.Rxa5 Rxf4+ 32.Kg3 h5 33.Rxd5 h4+ 34.Kh3 Rg6 35.Ra7 g4+ 36.Kxh4 g3+
37.Kh3  1-0

[Event "Havana op"]
[Site "Havana"]
[Date "1994.??.??"]
[Round "3"]
[White "Ramon, Vivian"]
[Black "Diaz, Joaquin C"]
[Result "0-1"]
[WhiteElo "2175"]
[BlackElo "2435"]

1.e4 c5 2.Nf3 Nc6 3.Bb5 e6 4.O-O Nge7 5.b3 Nd4 6.Nxd4 cxd4 7.Bb2 a6 8.Bd3 Nc6
9.a4 Be7 10.f4 O-O 11.c3 dxc3 12.Nxc3 Nb4 13.Rf3 Nxd3 14.Rxd3 f5 15.Rh3 g6
16.e5 b5 17.axb5 Bb7 18.bxa6 Qb6+ 19.d4 Rxa6 20.Rxa6 Qxa6 21.Qe2 Qxe2 22.Nxe2 Bd5
23.Kf2 Rb8 24.Nc1 Bb4 25.Nd3 Bd2 26.Nc5 Rd8 27.Bc3 Bxf4 28.Ba5 Ra8 29.b4 Ra7
30.Ra3 Bc6 31.g3 Bg5 32.Rc3 Kf7 33.Rc2 Be7 34.Rb2 Bb5 35.Rb1 g5 36.Ke3 h5
37.Rb2 g4 38.Nd3 Bg5+ 39.Nf4 h4 40.Rc2 Bc6 41.Rc5 hxg3 42.hxg3 Ra8 43.Kf2 Bxf4
44.gxf4 Ke7 45.Rc3 Rh8 46.Bb6 Rh2+ 47.Kf1 Rb2 48.Bc5+ Kf7 49.Ra3 Kg6 50.Rc3 Bd5
51.Ke1 Kh5 52.Be7 Rg2 53.Rc8 g3 54.Rg8 Rg1+ 55.Ke2 g2 56.Rh8+ Kg6 57.Bf6 Rb1
58.Rg8+ Kf7 59.Rg7+ Kf8 60.Rh7 g1=Q  0-1

[Event "Havana op"]
[Site "Havana"]
[Date "1994.??.??"]
[Round "6"]
[White "Lugo, Blas"]
[Black "Hernandez, Tania"]
[Result "1/2-1/2"]
[WhiteElo "2380"]
[BlackElo "2175"]

1.e4 c5 2.Nf3 Nc6 3.Bb5 g6 4.Bxc6 dxc6 5.Nc3 Bg7 6.d3 Nf6 7.Be3 b6 8.h3 O-O
9.Qd2 e5 10.Bh6 Qe7 11.O-O-O a5 12.g4 b5 13.Nh4 b4 14.Na4 Be6 15.Bxg7 Kxg7
16.Qg5 Qd6 17.f4 Nd7 18.fxe5 Nxe5 19.Qe3 Qd4 20.Rhe1 Qxe3+ 21.Rxe3 Nd7 22.Nf3 Rad8
23.d4 cxd4 24.Nxd4 Ne5 25.Nc5 Bc8 26.a3 Rfe8 27.axb4 axb4 28.Rb3 Nd7 29.Na4 Nf6
30.e5 Ne4 31.Nxc6 Rxd1+ 32.Kxd1 Bd7 33.Na5 Bxa4 34.Rxb4 Bxc2+ 35.Kxc2 Rxe5
36.Nc4 Rc5 37.Kd3 Nf6 38.Rb7 h5 39.b4 Rd5+ 40.Kc3 hxg4 41.hxg4 Nxg4 42.b5 Ne5
43.b6 Nd7 44.Rc7 Nxb6 45.Nxb6 Rd1 46.Kc2 Rd6 47.Nc4 Re6 48.Kd3 g5 49.Ne3 Kg6
50.Rc8 f6 51.Ra8 Kh5 52.Rh8+ Kg6 53.Ke2 f5  1/2-1/2

[Event "Havana op"]
[Site "Havana"]
[Date "1994.??.??"]
[Round "6"]
[White "Sequera, Jose"]
[Black "Mera Cedeno, Angel"]
[Result "1-0"]
[WhiteElo "2330"]
[BlackElo "2100"]

1.e4 c5 2.Nf3 Nc6 3.Bb5 g6 4.O-O Bg7 5.c3 d5 6.exd5 Qxd5 7.Qb3 Qd6 8.Na3 Nh6
9.Nc4 Qc7 10.d4 cxd4 11.cxd4 Be6 12.Qc3 Rc8 13.Bxh6  1-0

[Event "Havana op"]
[Site "Havana"]
[Date "1994.??.??"]
[Round "9"]
[White "Andres, Miguel"]
[Black "Elissalt Cardenas, Hector"]
[Result "1-0"]
[WhiteElo "2310"]
[BlackElo "2415"]

1.e4 c5 2.Nf3 Nc6 3.Bb5 Qc7 4.O-O e5 5.c3 d6 6.d4 Bd7 7.b4 Nf6 8.bxc5 dxc5
9.Bxc6 Bxc6 10.Nxe5 Bxe4 11.Re1 O-O-O 12.Rxe4 Nxe4 13.Qg4+ Kb8 14.Qxe4 cxd4
15.Bf4 Bd6 16.Na3 f5 17.Qxd4 Bxe5 18.Bxe5  1-0

[Event "FIN-ch"]
[Site "Helsinki"]
[Date "1994.??.??"]
[Round "?"]
[White "Pyhala, Antti"]
[Black "Manninen, Marko"]
[Result "1-0"]
[WhiteElo "2350"]
[BlackElo "2375"]

1.e4 c5 2.Nf3 Nc6 3.Bb5 e6 4.Bxc6 bxc6 5.b3 Ne7 6.Bb2 Ng6 7.h4 h5 8.d3 f6
9.Nbd2 e5 10.g3 d6 11.Ng1 Be7 12.Qe2 Be6 13.O-O-O Qd7 14.Rf1 Nf8 15.f4 Bg4
16.Qe3 g6 17.Ngf3 Ne6 18.Nc4 Nd4 19.Nxd4 cxd4 20.Qe1 O-O-O 21.Qa5 Qc7 22.fxe5 dxe5
23.Qa6+ Qb7 24.Qa4 Qc7 25.Ba3 c5 26.Rxf6 Bxf6 27.Qa6+ Kb8 28.Qxf6 Rhe8 29.Rf1 Re6
30.Qg5 Rde8 31.Kb1 Kb7 32.Bc1 Ka6 33.a4 Kb7 34.Ba3 Kc6 35.Rf6 Kb7 36.Qxg6 Rxf6
37.Qxf6 Be6 38.Qg6 Re7 39.Nd2 Bg4 40.Nc4 Be6 41.Qxh5 Bxc4 42.dxc4 Rh7 43.Qe2 Qg7
44.Bxc5 Qxg3 45.Bd6 Qe3 46.Qf1 Qxe4 47.c5 Qc6 48.Qf5 Rxh4 49.Qxe5 Re4 50.Qg7+ Ka6
51.Qf7 d3 52.Qf1 Re2 53.cxd3 Qe8 54.Qf6 Re6 55.Qc3 Re1+ 56.Ka2 Qe6 57.d4 Kb7
58.Ka3 Kc6 59.Qd3 Qe2 60.d5+ Kb7 61.c6+ Kb6 62.a5+ Kxa5 63.Bc7+  1-0

[Event "FIN-ch"]
[Site "Helsinki"]
[Date "1994.??.??"]
[Round "?"]
[White "Raaste, Eero J"]
[Black "Holmsten, Aleksei"]
[Result "1/2-1/2"]
[WhiteElo "2350"]
[BlackElo "2320"]

1.e4 c5 2.Nf3 Nc6 3.Bb5 g6 4.Bxc6 dxc6 5.h3 Bg7 6.d3 Nf6 7.Nc3 O-O 8.Be3 b6
9.Qd2 Re8 10.O-O-O a5 11.g4 a4 12.a3 e5 13.Bh6 Bh8 14.Rdg1 b5 15.Nd1 b4 16.Ne3 Be6
17.Ng5 Bc8 18.axb4 a3 19.bxa3 Rxa3 20.Kd1 Ba6 21.Ke2 cxb4 22.Qxb4 Bxd3+ 23.cxd3 Ra2+
24.Kf3 Nd5 25.Nxd5 cxd5 26.h4 Qf6+ 27.Kg3 Qxf2+ 28.Kh3 Bg7 29.Bxg7 Kxg7 30.Qe1 h6
31.Qxf2 Rxf2 32.Kg3 Rd2 33.Nf3 Rxd3 34.Rd1 dxe4 35.Rxd3 exd3 36.Re1 f5 37.gxf5 gxf5
38.Kf2 e4 39.Nd2 Kf6 40.Ke3 Rg8 41.Ra1 Rg3+ 42.Kd4 Kg6 43.Ra6+ Kh5 44.Rf6 e3
45.Kxd3 exd2+ 46.Kxd2 Kxh4 47.Rxf5 Kg4 48.Rf6 h5 49.Ke2 h4 50.Kf2 Ra3 51.Kg2 h3+
52.Kh2 Ra2+ 53.Kh1 h2 54.Rf4+ Kxf4  1/2-1/2